| 000 -ლიდერი |
| ფიქსირებული სიგრძის საკონტროლო ველი |
01075nam a2200253Ia 4500 |
| 001 - საკონტროლო ნომერი |
| საკონტროლო ველი |
23407 |
| 003 - საკონტროლო ნომრის იდენტიფიკატორი |
| საკონტროლო ველი |
GE_BSU |
| 005 - ბოლო ოპერაციის თარიღი და დრო |
| საკონტროლო ველი |
20251212175944.0 |
| 008 - ფიქსირებული სიგრძის მონაცემთა ელემენტები - ზოგადი ინფორმაცია |
| ფიქსირებული სიგრძის საკონტროლო ველი |
181216s1999||||ge |||||||||||||| ||geo|| |
| 020 ## - წიგნის საერთაშორისო სტანდარტული ნომერი |
| International Standard Book Number |
99928-44-02-5 |
| 040 ## - კატალოგიზაციის წყარო |
| Transcribing agency |
GE_BSU |
| 041 ## - ენის კოდი |
| Language code of text/sound track or separate title |
geo |
| 080 ## - უნივერსალური ათობითი კლასიფიკაციის ინდექსი |
| Universal Decimal Classification number |
902.2(479.223) კ-71 |
| 100 ## - მთავარი ჩანაწერი - პიროვნების სახელი |
| Personal name |
კომახიძე, თეიმურაზ |
| 9 (RLIN) |
3432 |
| 245 ## - ცნობა სათაურის შესახებ |
| Title |
აჭარა წარსულის გადასახედიდან / |
| Statement of responsibility, etc |
თეიმურაზ კომახიძე ; რედ.: ჯემალ ხოფერია |
| 264 ## - წარმოების, გამოცემის, დისტრიბუციის და სხვა ცნობები |
| გამოცემის, წარმოების, დისტრიბუციის... ადგილი |
ბათუმი : |
| გამოცემის, წარმოების, დისტრიბუციის... სახელწოდება |
გამ-ბა აჭარა, |
| გამოცემის, წარმოების, დისტრიბუციის... თარიღი |
1999. |
| 300 ## - ფიზიკური აღწერა |
| Extent |
608 გვ. : |
| Other physical details |
ილ. ; |
| Dimensions |
24 სმ. |
| 653 ## - INDEX TERM--UNCONTROLLED |
| Uncontrolled term |
არქეოლოგია |
| 653 ## - INDEX TERM--UNCONTROLLED |
| Uncontrolled term |
არქეოლოგიური გათხრები აჭარაში |
| 653 ## - INDEX TERM--UNCONTROLLED |
| Uncontrolled term |
აჭარა წარსულის გადასახედიდან |
| 700 ## - ADDED ENTRY--PERSONAL NAME |
| Personal name |
ხოფერია, ჯემალ |
| Relator term |
რედაქტორი |
| 9 (RLIN) |
26488 |
| 942 ## - ADDED ENTRY ELEMENTS (KOHA) |
| Koha item type |
წიგნი |
| Source of classification or shelving scheme |
|